Vista normal
Vista MARC
- Cancinos De León, Andrea Eunice
Entrada Nombre personal
Número de registros utilizados en: 1
001 - NÚMERO DE CONTROL
- campo de control: 18157
003 - IDENTIFICADOR DE NÚMERO DE CONTROL
- campo de control: gtgcusco
005 - FECHA Y HORA DE LA ÚLTIMA TRANSACCIÓN
- campo de control: 20251028144858.0
008 - ELEMENTOS DE DATO DE LONGITUD-FIJA
- campo de control de longitud fija: 251028|| aca||aabn | a|a d
040 ## - FUENTE DE CATALOGACIÓN
- Centro catalogador/agencia de origen: gtgcusco
- Centro/agencia transcriptor: gtgcusco
100 ## - ENCABEZAMIENTO-NOMBRE DE PERSONA
- Nombre de persona: Cancinos De León, Andrea Eunice
670 ## - FUENTE DE DATOS ENCONTRADOS
- Cita de la fuente: Work cat.: (gtgcusco)9289: Cancinos De León, Andrea Eunice, Informe Final del Programa Ejercicio Profesional Supervisado realizado en la asociacion la voz de Atitlán, del municipio de Santiago Atitlán del departamento de Solola abril 2024-marzo 2025 /, 2025

